Goethe's letters from switzerland and travels in italy (Record no. 5302)
[ view plain ]
| 000 -LEADER | |
|---|---|
| fixed length control field | 00866nam a2200157Ia 4500 |
| 008 - FIXED-LENGTH DATA ELEMENTS--GENERAL INFORMATION | |
| fixed length control field | 210324s9999||||xx |||||||||||||| ||und|| |
| 040 ## - CATALOGING SOURCE | |
| Transcribing agency | STCPL |
| 082 ## - DEWEY DECIMAL CLASSIFICATION NUMBER | |
| Classification number | 826 |
| Item number | MOR-L |
| 100 ## - MAIN ENTRY--PERSONAL NAME | |
| Personal name | Morrison A. J. W |
| 245 #0 - TITLE STATEMENT | |
| Title | Goethe's letters from switzerland and travels in italy |
| 260 ## - PUBLICATION, DISTRIBUTION, ETC. | |
| Name of publisher, distributor, etc. | Seagull |
| Date of publication, distribution, etc. | 1882 |
| 300 ## - PHYSICAL DESCRIPTION | |
| Extent | 360P, 19CM |
| 650 ## - SUBJECT ADDED ENTRY--TOPICAL TERM | |
| Topical term or geographic name entry element | English Lettersभवित का उदय और विष्णु नारायण , रामोपासना , रुद्रसंप्रदाय , वैष्णविधर्म की स्वतंत्र परंपराएं , विदेशों में वैष्णवधर्म ,रामदासी संप्रदाय , गौडीय संप्रदाय , ब्राहम संप्रदाय , सनक संप्रदाय |
| 942 ## - ADDED ENTRY ELEMENTS (KOHA) | |
| Koha item type | Books |
| 041 ## - LANGUAGE CODE | |
| Language code of original | English |
| Withdrawn status | Lost status | Damaged status | Not for loan | Home library | Current library | Shelving location | Date acquired | Total Checkouts | Full call number | Barcode | Date last seen | Price effective from | Koha item type |
|---|---|---|---|---|---|---|---|---|---|---|---|---|---|
| ST. THOMAS COLLEGE LIBRARY, PALAI | ST. THOMAS COLLEGE LIBRARY, PALAI | 2021-07-10 | 826 MOR-G | 9294 | 2021-07-10 | 2021-07-10 | Books |
